000 00836nam a2200193 i 4500
001 187894
003 ES-MaACL
005 20250901104917.0
008 180319s1899 xxk |||| | eng d
110 0 _aGran Bretaña.
_bForeign Office.
_94480
245 1 0 _aUnited States
_b: report on commercial education in The United States / presented to both Houses of Parliament by command of Her Majesty, june 1899.
260 _aLondon :
_bForeing Office,
_c1899.
300 _a55 p. ;
_c25 cm.
490 1 _aDiplomatic and consular reports. Miscellaneous series ;
_v504
650 7 _aComercio-
_xEstudio y enseñanza-
_zEstados Unidos
_2
_9164417
830 0 _aDiplomatic and consular reports. Miscellaneous series ;
_v504
_9192853
852 _aES-MaACL
_jT-954-F-1
_z.-Legado de González del Campillo
999 _c187894
_d187894